| 000 | 00576nam a2200229Ia 4500 | ||
|---|---|---|---|
| 003 | BUBTL | ||
| 008 | 151213s9999 xx 000 0 und d | ||
| 020 | _a0-07-017053-3 | ||
| 082 | _a339.3076DIM | ||
| 100 |
_a Diulio,Eugene _9286 |
||
| 245 | _aTheory And Problems Macroeconomics | ||
| 250 | _a3rd | ||
| 260 |
_aNew York _bMcGraw -Hill _cc2005 |
||
| 300 |
_a[vii],333p. _c26cm. |
||
| 650 | _aEconomics | ||
| 650 | _aEconomics | ||
| 700 |
_a Diulio,Eugene _9286 |
||
| 760 | _b3rd | ||
| 856 |
_k0 _l0 _yDownload |
||
| 942 |
_2ddc _cBK |
||
| 999 |
_c2655 _d2655 |
||